000 00918cam a2200253 a 4500
001 1543981
005 20241220115003.0
008 910920s1992 nyua j 000 1 eng
010 _a 91036324
020 _a0399221301 :
_c$14.95 ($19.50 Can.)
040 _aDLC
_cDLC
_dDLC
042 _alcac
050 0 0 _aPZ7.M478415
_bMi 1992
082 0 0 _a[E]
_220
092 _aCALDECOTT/1993
100 1 _aMcCully, Emily Arnold.
_97530
245 1 0 _aMirette on the high wire /
_cEmily Arnold McCully.
260 _aNew York :
_bG.P. Putnamʼs Sons,
_cc1992.
300 _a1 v. (unpaged) :
_bcol. ill. ;
_c29 cm.
520 _aMirette learns tightrope walking from Monsieur Bellini, a guest in her mother's boarding house, not knowing that he is a celebrated tightrope artist who has withdrawn from performing because of fear.
650 1 _aTightrope walking
_xFiction.
_96505483
942 _cBOOK
_076
998 _aa84690
999 _c38136
_d38136